| 000 | 00612nam a22001937a 4500 | ||
|---|---|---|---|
| 005 | 20251226103845.0 | ||
| 008 | 251226b |||||||| |||| 00| 0 eng d | ||
| 020 | _a9781041013044 (pbk) | ||
| 040 | _cPK-LaUMT | ||
| 082 |
_a658.408 _bSMA- |
||
| 245 |
_aSmart sustainability : _bthe role of AI in business intelligence / _cedited by Madhusmita Mohanty . . . [et al.] |
||
| 260 |
_aNew York : _bRoutledge, _c2026 |
||
| 300 | _a457 p. | ||
| 650 |
_aSustainable management _98619 |
||
| 650 | _aMachine learning | ||
| 650 | _aBusiness intelligence | ||
| 650 |
_aManagement iformation systems _98620 |
||
| 942 | _cBK | ||
| 999 |
_c139467 _d139467 |
||